000 01157nam a2200313 i 4500
999 _c66604
_d66604
001 768714001
003 CO-MdFUSB
005 20200924151854.0
007 ta
008 200924s1959 -us |||| |||| 00| 0 eng d
020 _a[No incluye ISBN]
040 _aCO-MdFUSB
_bspa
_cCO-MdFUSB
_dCO-MdFUSBC
_erda
041 _aeng
082 _223
_a253.5
_bIN61
245 2 _aAn introduction to pastoral counseling.
_c/ editado por Wayne E. Oates
264 1 _aNashville :
_bBroadman Press,
_c[1959]
264 4 _c© 1959
300 _a331 páginas
_c; 21 cm
336 _2rdacontent
_atexto
_btdi
337 _2rdamedia
_asin mediación
_bn
338 _2rdacarrier
_avolumen
_bnc
505 _aAsesoramiento en el contexto de la iglesia. -- La personalidad del consejero pastoral. -- Consejería pastoral; su proceso y procedimientos. -- Asesoramiento pastoral y ministerio de la palabra de dios en cristo. -- La consejería pastoral y las intenciones educativas de la iglesia.
563 _aTapa dura
650 0 _9228
_aConsejería pastoral
700 _94840
_aOates, Wayne E.
_eeditor
942 _cBK
945 _aJTF-925